Labour Prime Ministers - Statistics

General Stats
  • This quiz has been taken 36 times
  • The average score is 5 of 7
Answers on the Grid
Answers color-coded by a green-red scale on the quiz's grid according to % correct below.
Henry Campbell-Bannerman
Keir Starmer
Edward Heath
Herbert Asquith
Clement Attlee
David Lloyd-George
Ramsey MacDonald
Anthony Eden
Tony Blair
Neville Chamberlain
James Callaghan
Gordon Brown
Stanley Baldwin
Harold Wilson
William Gladstone
Arthur Balfour
 
Answer Stats
Answer % Correct
Keir Starmer
100%
Tony Blair
92%
Gordon Brown
88%
Harold Wilson
73%
Clement Attlee
69%
James Callaghan
62%
Ramsey MacDonald
58%
No matching quizzes found
Score Distribution
Percent of People with Each Score
Percentile by Number Answered
Your Score History
You have not taken this quiz